| 000 | 00809nam a2200217Ii 4500 | ||
|---|---|---|---|
| 003 | JO-AjNU | ||
| 008 | 230605s9999||||xx |||||||||||||| ||und|| | ||
| 020 | _a110-32-72-3 | ||
| 040 |
_aJO-AjNU _bara _erda _cJO-AjNU |
||
| 041 | _aara | ||
| 050 | 1 | 4 | _aLA1491.S4.1972 |
| 100 | 3 |
_aشهلا،جورج وآخرون/حربلي،عبد السميع م.مشارك/حنانيا،ألماس شهلا م.مشارك, _eauthor _97015 |
|
| 245 | 0 | 0 | _aالوعي التربوي ومستقبل البلاد العربية |
| 250 | _aط3 جديدة ومنقحة | ||
| 264 | 3 | 1 | _aالمؤلف،1972 |
| 300 | _a536ص | ||
| 336 |
_atext _btxt _2rdacontent |
||
| 337 |
_aunmediated _bn _2rdamedia |
||
| 338 |
_avolume _bnc _2rdacarrier |
||
| 650 | 4 |
_a التربية والتعليم-العالم العربي-فلسفة _97016 |
|
| 999 |
_aA65 _c3633 _d3633 |
||